| 000 | 00493nam a22001937a 4500 | ||
|---|---|---|---|
| 003 | OSt | ||
| 005 | 20240709103253.0 | ||
| 008 | 240709b |||||||| |||| 00| 0 eng d | ||
| 020 | _a978076197112 | ||
| 040 | _cMUST | ||
| 082 | _a330 CAM 2004 | ||
| 100 |
_aCameron, ,Angus _918517 |
||
| 245 |
_aThe imagined economics of globalization/ _cAngus Cameron |
||
| 300 |
_avi,186p. _c24cm |
||
| 504 | _aincludes bibliography | ||
| 650 | _2Economics | ||
| 700 | _4Palan,Ronen | ||
| 942 |
_2ddc _cO_SHELF |
||
| 999 |
_c9096 _d9096 |
||